1663 1955 1165 1051 1716 1166 1545 1331 1308 1580 1079 1232 1451 1798 1732 1037 1647 1896 1998 1610 1094 1940 1420 1631 1159 1059 1653 1486 1348 1704 1809 1475 1732 1267 1317 1442 1654 1051 1652 1802 1893 1049 1151 1648 1820 1580 1092 1083 1425 1553 1228 1154 1376 1957 1888 1840 1619 1325 1425 1270 1325 1874 1905 1241 1308 1071 1789 1420 1431 1193 1134 1098 1923 1524 1397 1592 1645 1139 1423 1879 1174 1268 1176 1127 1064 1927 1354 1953 1449 1624 1271 1568 1682 1466 1087 1836 1295 1223 1793 BCNSPRNW ULIB Ver.6.0+V

เปลี่ยนเป็นภาษาไทย

Change to English
 แสดงรายละเอียดบรรณานุกรม
  กลับหน้าหลัก

Brief Record : Get Marc (ISO 2709) : E-mail record : QR code < ปิดหน้าต่าง
LEADER : 00000nam 2200000uu 4500
001    13399111150
003     ULIB
008    110617s||||||||th 000 0 tha d
020    9743414762
020    9789743414763
050 04 BF637^bว525ท 2549
100 0  พลตรี หลวงวิจิตรวาทการ
245 10 ทางสู้ในชีวิต /^cโดย พลตรี หลวงวิจิตรวาทการ
250    พิมพ์ครั้งที่ 3
260    กรุงเทพฯ :^bสร้างสรรค์บุ๊คส์,^c2548.
300    258 หน้า :^bภาพประกอบ
650  7 ชีวประวัติ
650  7 ความสำเร็จ
710 1  สร้างสรรค์บุ๊คส์
945    ^p185^l0^i027157
945    ^p185^l0^i027158
995    ทศพร
999 ^a ใช้งานได้ทุกระบบ
รายการนี้ยังไม่มีแท็ก
คุณยังไม่ได้ล็อกอิน คุณสามารถมีกิจกรรมร่วมกับเว็บไซต์ได้ แต่ต้องล็อกอินก่อน ::
  ล็อกอิน

รายการสื่อสารสนเทศ

ลำดับที่ ประเภท เลขเรียก/บาร์โค้ด สถานที่ สถานะ
- ไม่พบข้อมูล -

รายการใกล้เคียง
    ผู้แต่ง [พลตรี หลวงวิจิตรวาทการ]

    หัวเรื่อง [ชีวประวัติ]
    หัวเรื่อง [ความสำเร็จ]

BibComment


ยังไม่เคยถูกคอมเมนท์

คอมเมนท์ทรัพยากรรายการนี้
  คอมเมนท์: ทางสู้ในชีวิต โด..


 Copyright 2026. Bcnsprnw @Library